[Event "ODJM B 2017"]
[Site "Willingen GER"]
[Date "2017.06.04"]
[Round "1"]
[White "Paeslack, Timo"]
[Black "Senechal, Niklas Bennett"]
[Result "0-1"]
[Termination "normal"]
[Board "25"]
[WhiteElo "1041"]
[BlackElo "1399"]
[PlyCount "88"]
[WhiteFideId "12993522"]
[BlackFideId "16231180"]
[EventCountry "GER"]
[EventRounds "9"]
[EventType "swiss"]
[EventDate "2017.06.03"]

1. e4 c5 2. Nf3 Nc6 3. Nc3 g6 4. b3 Bg7 5. Bb2 d6 6. h3 Nf6 7. Bb5 Bd7 8. O-O
Nxe4 9. Qe1 Nf6 10. Nd5 e6 11. Nxf6+ Bxf6 12. Bxf6 Qxf6 13. c3 O-O 14. Qd1 a6
15. Be2 Ne5 16. d4 Nxf3+ 17. Bxf3 cxd4 18. cxd4 d5 19. Re1 Qg5 20. Re5 Qh4 21.
Rc1 Rac8 22. Rxc8 Rxc8 23. Kh2 Qf4+ 24. g3 Qc1 25. Qxc1 Rxc1 26. Re2 Bb5 27.
Rd2 f5 28. g4 Kf7 29. Bg2 Kf6 30. f4 Bf1 31. g5+ Kf7 32. Bf3 Rc3 33. Rf2 Bd3
34. Rd2 Rc2 35. Rxc2 Bxc2 36. b4 Ke7 37. Kg2 Be4 38. Bxe4 dxe4 39. Kf2 Kd6 40.
Ke3 Kd5 41. a4 Kc4 42. b5 axb5 43. axb5 Kxb5 44. h4 Kc4 0-1

[Event "ODJM B 2017"]
[Site "Willingen GER"]
[Date "2017.06.04"]
[Round "1"]
[White "Seliokaite, Ana"]
[Black "Bräutigam, Alexander"]
[Result "1/2-1/2"]
[Termination "normal"]
[Board "26"]
[WhiteElo "1283"]
[BlackElo "1039"]
[PlyCount "98"]
[WhiteFideId "16224817"]
[BlackFideId "16245210"]
[EventCountry "GER"]
[EventRounds "9"]
[EventType "swiss"]
[EventDate "2017.06.03"]

1. e4 c5 2. d4 cxd4 3. c3 dxc3 4. Nxc3 Nc6 5. Nf3 d6 6. Bc4 Nf6 7. O-O Bg4 8.
Qd3 e6 9. Bf4 Be7 10. Nh4 h6 11. Bg3 Nh5 12. Nf3 Nxg3 13. fxg3 O-O 14. Nb5 a6
15. Nc3 b5 16. Bb3 Qb6+ 17. Kh1 Bxf3 18. gxf3 Qd4 19. Qe2 Ne5 20. Rad1 Qc5 21.
f4 Nc6 22. f5 Nd4 23. Qd2 Nxb3 24. axb3 Bg5 25. Qxd6 Qxd6 26. Rxd6 exf5 27.
exf5 Bf6 28. Nd5 Bxb2 29. Nc7 Be5 30. Nxa8 Bxd6 31. Nb6 Re8 32. Rd1 Bc5 33. Nd5
Re5 34. g4 h5 35. h3 hxg4 36. hxg4 Re4 37. Nc7 Rxg4 38. Nxa6 Be7 39. Rd5 b4 40.
Re5 Bf6 41. Re8+ Kh7 42. Rf8 Rh4+ 43. Kg2 Rh5 44. Rxf7 Rxf5 45. Rc7 Bc3 46. Rc4
Ra5 47. Nxb4 Bxb4 48. Rxb4 Kg6 49. Rg4+ Kf6 1/2-1/2

[Event "ODJM B 2017"]
[Site "Willingen GER"]
[Date "2017.06.04"]
[Round "1"]
[White "Butenandt, Albrecht"]
[Black "Huppert, Anna"]
[Result "0-1"]
[Termination "normal"]
[Board "27"]
[WhiteElo "1031"]
[BlackElo "1383"]
[PlyCount "40"]
[WhiteFideId "16213424"]
[BlackFideId "16214439"]
[EventCountry "GER"]
[EventRounds "9"]
[EventType "swiss"]
[EventDate "2017.06.03"]

1. e4 e6 2. Nc3 d5 3. exd5 exd5 4. d4 Bb4 5. Bd2 Ne7 6. Nf3 Bg4 7. h3 Bh5 8. g4
Bg6 9. Qe2 Nbc6 10. O-O-O Qd7 11. Qb5 Bxc3 12. Bxc3 O-O-O 13. Qa4 Be4 14. Be2
Qd6 15. Rhe1 Bxf3 16. Bxf3 Qf4+ 17. Kb1 Qxf3 18. Bb4 Rhe8 19. Rd2 Ng6 20. Rxe8
Qh1+ 0-1

[Event "ODJM B 2017"]
[Site "Willingen GER"]
[Date "2017.06.04"]
[Round "1"]
[White "Bakalarz, Adrian"]
[Black "Ott, Linda"]
[Result "1-0"]
[Termination "normal"]
[Board "28"]
[WhiteElo "1039"]
[BlackElo "1075"]
[PlyCount "29"]
[WhiteFideId "12955809"]
[BlackFideId "12992453"]
[EventCountry "GER"]
[EventRounds "9"]
[EventType "swiss"]
[EventDate "2017.06.03"]

1. e4 e5 2. d4 Nc6 3. d5 Nce7 4. Nf3 Ng6 5. Nc3 Bb4 6. Bd2 Nf6 7. Bd3 d6 8. h3
O-O 9. O-O h6 10. a3 Bc5 11. Be3 Bxe3 12. fxe3 Nh5 13. Ne2 Qf6 14. g4 Qg5 15.
Nxg5 1-0

[Event "ODJM B 2017"]
[Site "Willingen GER"]
[Date "2017.06.04"]
[Round "1"]
[White "Pham, Anh Tuan"]
[Black "Reichel, Sara"]
[Result "1-0"]
[Termination "normal"]
[Board "29"]
[WhiteElo "1017"]
[BlackElo "1154"]
[PlyCount "87"]
[WhiteFideId "16245229"]
[BlackFideId "16245130"]
[EventCountry "GER"]
[EventRounds "9"]
[EventType "swiss"]
[EventDate "2017.06.03"]

1. e4 c5 2. Nf3 g6 3. d3 Nc6 4. Nc3 Bg7 5. Bd2 Nf6 6. Be3 d6 7. d4 cxd4 8. Nxd4
O-O 9. Nxc6 bxc6 10. Bd3 c5 11. Nd5 Bb7 12. Nxf6+ Bxf6 13. O-O d5 14. e5 Bxe5
15. Bxc5 Qc7 16. g3 Qxc5 17. Rb1 d4 18. Re1 Qd5 19. Be4 Qb5 20. Bxb7 Qxb7 21.
Rxe5 Rfd8 22. Qe2 e6 23. b3 Rac8 24. b4 Qc7 25. Rc5 Qd6 26. Rxc8 Rxc8 27. a3
Rc3 28. Rb3 Rxb3 29. cxb3 Qd5 30. Qd3 Qe5 31. a4 Qe1+ 32. Kg2 Qxb4 33. Qc4 Qxc4
34. bxc4 Kf8 35. Kf1 Ke7 36. Ke2 Kd6 37. Kd3 Kc5 38. f4 h5 39. h3 f5 40. a5 a6
41. h4 Kd6 42. Kxd4 Ke7 43. c5 g5 44. Ke5 1-0

[Event "ODJM B 2017"]
[Site "Willingen GER"]
[Date "2017.06.04"]
[Round "1"]
[White "König, Dominik"]
[Black "Schulz, Paul"]
[Result "1-0"]
[Termination "normal"]
[Board "30"]
[WhiteElo "1150"]
[BlackElo "1001"]
[PlyCount "51"]
[WhiteFideId "16245148"]
[BlackFideId "16245237"]
[EventCountry "GER"]
[EventRounds "9"]
[EventType "swiss"]
[EventDate "2017.06.03"]

1. e4 e5 2. Nf3 Nc6 3. Bc4 Nf6 4. d3 Bc5 5. Nc3 d6 6. Qe2 Bg4 7. Bg5 Nd4 8. Qd1
h6 9. Be3 Qd7 10. h3 Bh5 11. g4 Bg6 12. Bxd4 exd4 13. Ne2 Bb4+ 14. c3 dxc3 15.
Nxc3 d5 16. exd5 Nxd5 17. Bxd5 Qxd5 18. Qa4+ c6 19. Qxb4 Qxf3 20. Rg1 b6 21.
Rg3 Qf6 22. Re3+ Kd7 23. O-O-O Rhe8 24. Ne4 Qf4 25. Nc5+ bxc5 26. Qxf4 1-0

[Event "ODJM B 2017"]
[Site "Willingen GER"]
[Date "2017.06.04"]
[Round "1"]
[White "Altgelt, Helene"]
[Black "Hapke, Lara"]
[Result "0-1"]
[Termination "normal"]
[Board "31"]
[WhiteElo "985"]
[BlackElo "1347"]
[PlyCount "42"]
[WhiteFideId "16232020"]
[BlackFideId "12996572"]
[EventCountry "GER"]
[EventRounds "9"]
[EventType "swiss"]
[EventDate "2017.06.03"]

1. e4 e5 2. Nf3 Nc6 3. d4 exd4 4. Nxd4 Bc5 5. Be3 Qf6 6. Nb5 Bb4+ 7. c3 Ba5 8.
Bd3 a6 9. Nd4 Nge7 10. O-O O-O 11. Nd2 d6 12. N2f3 Ne5 13. Be2 N7g6 14. h3
Nxf3+ 15. Bxf3 Ne5 16. Qe2 Qg6 17. g4 Nxf3+ 18. Qxf3 Bb6 19. Rad1 Be6 20. Nxe6
fxe6 21. Bxb6 Rxf3 0-1

[Event "ODJM B 2017"]
[Site "Willingen GER"]
[Date "2017.06.04"]
[Round "1"]
[White "Trampnau, Jan-Niklas"]
[Black "Guo, Jacob Tingshen"]
[Result "1-0"]
[Termination "normal"]
[Board "32"]
[WhiteElo "1141"]
[BlackElo "971"]
[PlyCount "107"]
[WhiteFideId "16245156"]
[BlackFideId "16245245"]
[EventCountry "GER"]
[EventRounds "9"]
[EventType "swiss"]
[EventDate "2017.06.03"]

1. d4 Nf6 2. Bf4 d5 3. Nf3 Nc6 4. Ne5 Nxe5 5. Bxe5 e6 6. e3 Bd6 7. Bxd6 Qxd6 8.
c3 e5 9. Be2 exd4 10. exd4 c5 11. Bb5+ Bd7 12. Bxd7+ Nxd7 13. Qe2+ Kd8 14. O-O
Re8 15. Qg4 g6 16. dxc5 Nxc5 17. Na3 f5 18. Qh4+ Qe7 19. Qxe7+ Rxe7 20. Rad1
Rd7 21. Rd4 Ne6 22. Rd2 d4 23. Rfd1 d3 24. Rxd3 Rxd3 25. Rxd3+ Ke7 26. Kf1 Rc8
27. Nc2 Kf6 28. Rd7 Nc5 29. Rxh7 Na4 30. Rxb7 Nxb2 31. Rxb2 Rxc3 32. Ke2 g5 33.
Ne3 Rc5 34. Rc2 Re5 35. Rc6+ Re6 36. Rxe6+ Kxe6 37. Kd3 Kd6 38. Kd4 Kc6 39.
Nxf5 a5 40. h4 gxh4 41. Nxh4 Kb5 42. g4 a4 43. Kc3 Kc5 44. g5 Kd6 45. g6 Ke7
46. Kd4 a3 47. Ke5 Kf8 48. Kf6 Kg8 49. g7 Kh7 50. Kf7 Kh6 51. g8=Q Kh5 52. Qg6+
Kxh4 53. Kf6 Kh3 54. Qg3# 1-0

[Event "ODJM B 2017"]
[Site "Willingen GER"]
[Date "2017.06.04"]
[Round "1"]
[White "Ludwig, Lea"]
[Black "Kessen, Fanny"]
[Result "1/2-1/2"]
[Termination "normal"]
[Board "33"]
[WhiteElo "1251"]
[BlackElo "1213"]
[PlyCount "97"]
[WhiteFideId "16217381"]
[BlackFideId "16217357"]
[EventCountry "GER"]
[EventRounds "9"]
[EventType "swiss"]
[EventDate "2017.06.03"]

1. d4 d5 2. Nf3 Nf6 3. Bg5 h6 4. Bxf6 gxf6 5. e3 e6 6. Bd3 f5 7. Nbd2 b6 8. Qe2
Bb7 9. O-O-O c5 10. c3 Nc6 11. Rdg1 h5 12. h3 Qc7 13. g4 hxg4 14. hxg4 Rxh1 15.
Rxh1 fxg4 16. Nh4 O-O-O 17. Qxg4 f5 18. Qg6 Rd6 19. Qe8+ Qd8 20. Qxd8+ Rxd8 21.
Rg1 Be7 22. Ng6 Rg8 23. Nxe7+ Nxe7 24. Rxg8+ Nxg8 25. f4 Nf6 26. Nf3 Kd7 27.
Ne5+ Ke7 28. Bb5 a6 29. Bc6 Bc8 30. Nd3 c4 31. Ne5 b5 32. b3 cxb3 33. axb3 Bd7
34. Nxd7 Nxd7 35. Bxd7 Kxd7 36. Kb2 Kc6 37. Ka3 a5 38. Kb2 Kd7 39. Kc2 b4 40.
cxb4 axb4 41. Kd2 Ke7 42. Ke2 Kf6 43. Kf3 Kg6 44. Kg2 Kh5 45. Kh3 Kg6 46. Kh4
Kh6 47. Kg3 Kh5 48. Kh3 Kg6 49. Kg3 1/2-1/2

[Event "ODJM B 2017"]
[Site "Willingen GER"]
[Date "2017.06.04"]
[Round "1"]
[White "Löding, Sarah-Marie"]
[Black "Wilmink, Luca"]
[Result "1/2-1/2"]
[Termination "normal"]
[Board "34"]
[WhiteElo "1120"]
[BlackElo "968"]
[PlyCount "100"]
[WhiteFideId "16245164"]
[BlackFideId "16245253"]
[EventCountry "GER"]
[EventRounds "9"]
[EventType "swiss"]
[EventDate "2017.06.03"]

1. d4 d5 2. Nc3 Nc6 3. Bf4 Bf5 4. e3 Nf6 5. Nf3 e6 6. Bb5 Bb4 7. a3 Bxc3+ 8.
bxc3 O-O 9. Nd2 Qd7 10. O-O a6 11. Ba4 b5 12. Bb3 Qe7 13. Re1 e5 14. Bg5 h6 15.
Bxf6 Qxf6 16. Bxd5 Rae8 17. e4 Bd7 18. Nf3 Qg6 19. Kh1 Re7 20. Qd3 Rd8 21. Qe3
Be8 22. Bxc6 Bxc6 23. Nxe5 Qf6 24. Nxc6 Qxc6 25. Qd3 Rd6 26. d5 Qc5 27. f3 Rg6
28. Reb1 Qf2 29. Rg1 Re5 30. Raf1 Qh4 31. g4 h5 32. f4 Re7 33. g5 Kh7 34. e5 f6
35. d6 cxd6 36. exd6 Rd7 37. Re1 Qxf4 38. Re7 Rxd6 39. Qe2 Rxg5 40. Rxg5 Qxg5
41. Ra7 Kh6 42. Ra8 Kg6 43. Qe4+ f5 44. Qe2 h4 45. h3 Qg3 46. Qf1 Kh7 47. Qxf5+
Rg6 48. Qh5+ Rh6 49. Qf5+ Qg6 50. Qxg6+ Rxg6 1/2-1/2

[Event "ODJM B 2017"]
[Site "Willingen GER"]
[Date "2017.06.04"]
[Round "1"]
[White "Duong, Nhat-Minh"]
[Black "Schulz, Jonas"]
[Result "1-0"]
[Termination "normal"]
[Board "35"]
[WhiteElo "936"]
[BlackElo "1120"]
[PlyCount "87"]
[WhiteFideId "16245261"]
[BlackFideId "16245172"]
[EventCountry "GER"]
[EventRounds "9"]
[EventType "swiss"]
[EventDate "2017.06.03"]

1. e4 e5 2. Nf3 Nc6 3. Bc4 Bc5 4. Nc3 Nf6 5. d3 d6 6. O-O Bg4 7. h3 Bh5 8. Be3
Nd4 9. Bxd4 Bxd4 10. Re1 O-O 11. Rb1 c6 12. a3 Qb6 13. Rf1 d5 14. exd5 cxd5 15.
Bxd5 Nxd5 16. Nxd5 Qc6 17. Ne7+ Kh8 18. Nxc6 bxc6 19. c3 Bb6 20. d4 Rad8 21.
Qd3 Bg6 22. Qe2 Bxb1 23. Rxb1 exd4 24. cxd4 Rfe8 25. Qc2 Rd6 26. Ng5 Rh6 27.
Nxf7+ Kg8 28. Nxh6+ gxh6 29. Qxc6 Kf8 30. d5 h5 31. Qh6+ Kg8 32. Qxh5 Rc8 33.
d6 Rd8 34. Rd1 Rf8 35. Qh4 Bxf2+ 36. Qxf2 Rxf2 37. Kxf2 Kf7 38. Re1 a5 39. d7
a4 40. d8=Q h5 41. Qb6 h4 42. Rc1 Ke7 43. Rc7+ Ke8 44. Qb8# 1-0

[Event "ODJM B 2017"]
[Site "Willingen GER"]
[Date "2017.06.04"]
[Round "1"]
[White "Schotthöfer, Samira"]
[Black "Foos, Vanessa"]
[Result "1-0"]
[Termination "normal"]
[Board "36"]
[WhiteElo "1113"]
[BlackElo "935"]
[PlyCount "65"]
[WhiteFideId "16243455"]
[BlackFideId "16245270"]
[EventCountry "GER"]
[EventRounds "9"]
[EventType "swiss"]
[EventDate "2017.06.03"]

1. e4 e5 2. Nf3 Nf6 3. Nc3 Nc6 4. Bc4 Bb4 5. O-O Bxc3 6. dxc3 Nxe4 7. Re1 Nf6
8. Nxe5 O-O 9. Bg5 d6 10. Nxc6 bxc6 11. Qf3 d5 12. Bd3 Bb7 13. Bxf6 Qxf6 14.
Qxf6 gxf6 15. Re3 Rfe8 16. Rg3+ Kf8 17. Bxh7 Re2 18. Rd1 Rxc2 19. Bxc2 Re8 20.
Re3 Rd8 21. Rde1 d4 22. cxd4 Rxd4 23. Re8+ Kg7 24. h3 Rc4 25. Bf5 Rf4 26. Bg4
f5 27. g3 Rd4 28. Bxf5 Kf6 29. Bg4 Kg5 30. Rg8+ Kh6 31. Re5 Kh7 32. Ree8 Rd1+
33. Bxd1 1-0

[Event "ODJM B 2017"]
[Site "Willingen GER"]
[Date "2017.06.04"]
[Round "1"]
[White "Hoppstädter, Daniel"]
[Black "Reyher, Bastian"]
[Result "1-0"]
[Termination "normal"]
[Board "37"]
[WhiteElo "911"]
[BlackElo "1102"]
[PlyCount "65"]
[WhiteFideId "16243625"]
[BlackFideId "12927465"]
[EventCountry "GER"]
[EventRounds "9"]
[EventType "swiss"]
[EventDate "2017.06.03"]

1. e4 e5 2. f4 Nc6 3. Nf3 d6 4. d4 Qe7 5. Bb5 exf4 6. Nc3 Nf6 7. e5 Bd7 8. O-O
dxe5 9. dxe5 Qc5+ 10. Kh1 Nxe5 11. Nxe5 Bxb5 12. Re1 Be7 13. Bxf4 Qf2 14. Be3
Qf5 15. Nxb5 Qxe5 16. Qd3 O-O 17. Bxa7 Qxb2 18. Bd4 Qb4 19. Rab1 Qa5 20. Rxe7
Qxa2 21. Rg1 Rfd8 22. Qg3 Qa6 23. Bxf6 Qxf6 24. Qxc7 Qb2 25. Nd6 Qf6 26. Nxb7
Re8 27. Rge1 h6 28. Rxe8+ Rxe8 29. Rxe8+ Kh7 30. Re1 Qf2 31. Qg3 Qxc2 32. Qe3
Qc6 33. Qe4+ 1-0

[Event "ODJM B 2017"]
[Site "Willingen GER"]
[Date "2017.06.04"]
[Round "1"]
[White "Färber, Sophie"]
[Black "Claussen, Carlos"]
[Result "1-0"]
[Termination "normal"]
[Board "38"]
[WhiteElo "1093"]
[BlackElo "864"]
[PlyCount "53"]
[WhiteFideId "16239121"]
[BlackFideId "16245288"]
[EventCountry "GER"]
[EventRounds "9"]
[EventType "swiss"]
[EventDate "2017.06.03"]

1. e4 e5 2. Nf3 Nc6 3. Bc4 Bc5 4. c3 Nf6 5. d4 exd4 6. cxd4 Bb4+ 7. Bd2 Nxe4 8.
Bxb4 Nxb4 9. Bxf7+ Kxf7 10. Qb3+ d5 11. Qxb4 Re8 12. O-O Bg4 13. Ne5+ Kg8 14.
Nxg4 Qg5 15. Ne3 Nxf2 16. Rxf2 Rxe3 17. Nd2 Rae8 18. Raf1 h6 19. Nf3 Qg4 20.
Ne5 Qg5 21. Qc5 b6 22. Rf8+ Rxf8 23. Rxf8+ Kh7 24. Qc2+ Re4 25. h3 g6 26. Qxc7+
Qe7 27. Qxe7# 1-0

[Event "ODJM B 2017"]
[Site "Willingen GER"]
[Date "2017.06.04"]
[Round "1"]
[White "Costa, Martina"]
[Black "Kiefhaber, Tobias"]
[Result "0-1"]
[Termination "normal"]
[Board "39"]
[WhiteElo "854"]
[BlackElo "1093"]
[PlyCount "88"]
[WhiteFideId "16241428"]
[BlackFideId "16240693"]
[EventCountry "GER"]
[EventRounds "9"]
[EventType "swiss"]
[EventDate "2017.06.03"]

1. e4 c6 2. Nf3 d5 3. Bd3 Nf6 4. Nc3 Bg4 5. O-O d4 6. Nb1 e6 7. h3 Bh5 8. g4
Bg6 9. Ne5 Bxe4 10. Bxe4 Nxe4 11. d3 Qd5 12. Bf4 Nf6 13. g5 Nfd7 14. Nxd7 Nxd7
15. c3 Ne5 16. c4 Qd6 17. Nd2 Qc7 18. Nf3 Bd6 19. Qe2 Nxf3+ 20. Qxf3 Bxf4 21.
Kg2 O-O 22. Rh1 Qe5 23. h4 f6 24. g6 h6 25. Rae1 Qd6 26. Re4 Be5 27. Rh3 f5 28.
Re2 Rf6 29. h5 f4 30. Re4 Rf5 31. Qg4 Rg5 32. Qxg5 hxg5 33. Kf3 Rf8 34. Kg4 f3
35. Rxf3 Rxf3 36. Kxf3 Bh2 37. Rg4 Qb4 38. b3 Qd2 39. a4 Qxd3+ 40. Kg2 Qf5 41.
f3 Qc2+ 42. Kh3 Bd6 43. Rxg5 Qh2+ 44. Kg4 Qg3# 0-1

[Event "ODJM B 2017"]
[Site "Willingen GER"]
[Date "2017.06.04"]
[Round "1"]
[White "Cheredzhiyska, Iva"]
[Black "Schicks, Jonathan"]
[Result "1-0"]
[Termination "normal"]
[Board "40"]
[WhiteElo "1091"]
[BlackElo "741"]
[PlyCount "91"]
[WhiteFideId "16241622"]
[BlackFideId "16245296"]
[EventCountry "GER"]
[EventRounds "9"]
[EventType "swiss"]
[EventDate "2017.06.03"]

1. e4 e5 2. Nf3 Nc6 3. Bc4 Bc5 4. Nc3 Nf6 5. d3 d6 6. h3 Nd4 7. Be3 h6 8. Na4
Bb4+ 9. c3 Ba5 10. Nxd4 exd4 11. Bxd4 a6 12. b4 b5 13. bxa5 bxc4 14. Nb2 cxd3
15. Qxd3 Rb8 16. Rb1 c5 17. Bxf6 Qxf6 18. O-O O-O 19. Nc4 Bb7 20. Nb6 Qg6 21.
Nd5 Rfe8 22. Rfe1 Bxd5 23. Qxd5 Rxb1 24. Rxb1 Rxe4 25. Rb8+ Kh7 26. Rb6 Re5 27.
Qf3 Qg5 28. Qxf7 Re1+ 29. Kh2 Qe5+ 30. g3 Qxc3 31. Rxa6 Re2 32. Qf5+ g6 33.
Ra7+ Qg7 34. Rxg7+ Kxg7 35. a6 c4 36. Qf3 Rxa2 37. Qb7+ Kf6 38. Kg2 c3 39. Qf3+
Ke6 40. Qxc3 Rxa6 41. Qc4+ d5 42. Qxa6+ Ke5 43. Qxg6 d4 44. f4+ Kd5 45. Qd3 h5
46. f5 1-0

[Event "ODJM B 2017"]
[Site "Willingen GER"]
[Date "2017.06.04"]
[Round "1"]
[White "Listing, Lara Marie"]
[Black "Bendtschneider, Nils"]
[Result "0-1"]
[Termination "normal"]
[Board "41"]
[WhiteElo "724"]
[BlackElo "1080"]
[PlyCount "102"]
[WhiteFideId "16245300"]
[BlackFideId "16245180"]
[EventCountry "GER"]
[EventRounds "9"]
[EventType "swiss"]
[EventDate "2017.06.03"]

1. e4 e5 2. Nf3 Nc6 3. Nc3 Bb4 4. Bb5 d6 5. d3 Nf6 6. Bg5 O-O 7. O-O Bg4 8. Qc1
Nd4 9. Nxd4 exd4 10. Na4 c6 11. Bc4 b5 12. Bxb5 cxb5 13. a3 Ba5 14. b4 Bc7 15.
Nb2 d5 16. exd5 Qxd5 17. Re1 Qd6 18. Bf4 Qxf4 19. Qxf4 Bxf4 20. h3 Be6 21. c4
bxc4 22. dxc4 Rac8 23. Red1 Rfd8 24. c5 a5 25. bxa5 Rxc5 26. Nd3 Rf5 27. g3 Bc7
28. a4 Rxa5 29. Rdc1 Bd6 30. Rcb1 Bf5 31. Rb3 Bxd3 32. Rxd3 Bb4 33. Rb3 Nd5 34.
Rd3 Nc3 35. Re1 Nxa4 36. Rxd4 Rxd4 37. Re8+ Bf8 38. Re1 Rad5 39. Ra1 Rd1+ 40.
Rxd1 Rxd1+ 41. Kg2 Rd2 42. Kg1 Bc5 43. Kg2 Rxf2+ 44. Kg1 Kf8 45. h4 Ke7 46. Kh1
Ke6 47. Kg1 Ke5 48. g4 Kf4 49. g5 Kg3 50. h5 Rf3+ 51. Kh1 Rf1# 0-1